Normal view
MARC view
Entry Personal Name
001 - CONTROL NUMBER
- control field: 84330
003 - CONTROL NUMBER IDENTIFIER
- control field: dpl
005 - DATE AND TIME OF LATEST TRANSACTION
- control field: 20250826113133.0
008 - FIXED-LENGTH DATA ELEMENTS
- fixed length control field: 250826|| aca||aabn | a|a d
040 ## - CATALOGING SOURCE
- Original cataloging agency: dpl
- Transcribing agency: dpl
100 ## - HEADING--PERSONAL NAME
- Personal name: मेहरोत्रा, एन. सी
670 ## - SOURCE DATA FOUND
- Source citation: Work cat.: (dpl)209908: मेहरोत्रा, एन. सी., सरदार वल्लभभाई पटेल व्यक्ति एवं विचार/, 2025
